| 000 | 00660nac a22002051u 4500 | ||
|---|---|---|---|
| 008 | 100926s1997 us |||| r|||| 001 0 eng d | ||
| 010 | _a93026157 | ||
| 020 | _a8120323602 | ||
| 020 | _a9788120323605 | ||
| 082 |
_a621.381548 _bBEL _222 |
||
| 100 |
_aBell, David A., _919906 |
||
| 245 | 1 | 0 |
_aElectronic Instrumentation and Measurements / _cDavid A. Bell. |
| 250 | _a2nd ed. | ||
| 260 |
_aEnglewood Cliffs, N.J. : _bRegents/Prentice Hall, _cc1997. |
||
| 300 |
_axi, 451 p. : _bill. ; _c24 cm. |
||
| 500 | _aIncludes index. | ||
| 650 | 0 |
_aElectronic measurements. _919907 |
|
| 650 | 0 |
_aElectronic instruments. _919908 |
|
| 942 |
_cBB _k621.381548 BEL _2ddc |
||
| 999 |
_c96 _d96 |
||